TOWN PLANNING (Record no. 5438)

MARC details
000 -LEADER
fixed length control field 00344nam a22001457a 4500
005 - DATE AND TIME OF LATEST TRANSACTION
control field 20190330122032.0
008 - FIXED-LENGTH DATA ELEMENTS--GENERAL INFORMATION
fixed length control field 170406b xxu||||| |||| 00| 0 eng d
020 ## - INTERNATIONAL STANDARD BOOK NUMBER
ISBN 978-81-928692-8-5
041 ## - LANGUAGE CODE
Language code of text/sound track or separate title eng
100 ## - MAIN ENTRY--AUTHOR NAME
Personal name RANGWALA, LATE S.C
245 ## - TITLE STATEMENT
Title TOWN PLANNING
260 ## - PUBLICATION, DISTRIBUTION, ETC. (IMPRINT)
Place of publication GUJARAT
Name of publisher CHAROTAR PUBLISHING
300 ## - PHYSICAL DESCRIPTION
Number of Pages 256
942 ## - ADDED ENTRY ELEMENTS (KOHA)
Koha item type Books
Holdings
Lost status Damaged status Home library Current library Shelving location Date acquired Source of acquisition Cost, normal purchase price Accession Number Koha item type Collection code
    JRU Library   SHELF-42-F 06/04/2017 PURCHESS 130.00 21746 Books  
    JRU Library   SHELF-42-F 06/04/2017 PURCHESS 130.00 21747 Books  
    JRU Library   SHELF -72 - J 06/04/2017 PURCHESS 130.00 21748 Books Reference
    JRU Library   SHELF-42-F 30/03/2019 Purchase 130.00 23066 Books  
    JRU Library   SHELF-42-F 30/03/2019 Purchase 130.00 23067 Books  
    JRU Library   SHELF-42-F 30/03/2019 Purchase 130.00 23068 Books  
    JRU Library   SHELF-42-F 30/03/2019 Purchase 130.00 23069 Books  
    JRU Library   SHELF-42-F 30/03/2019 Purchase 130.00 23070 Books